APEC Schools

Jesus our light : (Record no. 6897)

000 -LEADER
fixed length control field nam a22 7a 4500
005 - DATE AND TIME OF LATEST TRANSACTION
control field 20190117055643.0
008 - FIXED-LENGTH DATA ELEMENTS--GENERAL INFORMATION
fixed length control field 190117b xxu||||| |||| 00| 0 eng d
020 ## - IDENTIFIER FOR THE MANIFESTATION
Identifier for the Manifestation 9712706338
Binding paperback
040 ## - CATALOGING SOURCE
Language of Cataloging eng
Transcribing Agency APEC Schools Library
Description Conventions rda
082 ## - DEWEY DECIMAL CLASSIFICATION NUMBER
Classification number F 248.4
Author's Number V714j 1997
100 ## - CREATOR
Preferred Name of the Person Villegas, Socrates
245 ## - TITLE AND STATEMENT OF RESPONSIBILITY
Preferred Title Proper Jesus our light :
Remainder of Title reflections by the moonlight /
Statement of Responsibility/Parallel Statement of Responsibility Socrates Villegas
264 ## - PUBLICATION STATEMENT
Place of publication, distribution, etc Pasig City :
Publisher's Name/Parallel Publisher's Name Anvil Publishing, Inc.,
Copyright ©1997.
Date of Publication 1997.
300 ## - PHYSICAL DESCRIPTION
Extent viii, 298 pages ;
Dimensions 20 cm.
336 ## - RDA CONTENT
Source rdacontent
Content Type text
337 ## - RDA MEDIA
Source rdamedia
Media Type unmediated
338 ## - RDA CARRIER
Source rdacarrier
Carrier Type volume
600 ## - ADDED SUBJECT ACCESS POINT - PERSONAL NAME
Preferred Name of the Person Villegas, Socrates
650 ## - ADDED SUBJECT ACCESS POINT - TOPICAL TERM
Topical Term Spiritual life
-- Christian life
942 ## - ADDED ENTRY ELEMENTS (KOHA)
Source of Classification
Koha Item Type Books
Holdings
Library Site Location Shelving Location Source of Acquisition Full Classification Number Accession Number Koha Item Type
APEC Bacoor Library APEC Bacoor Library Filipiniana Institutional Fund F 248.4 V714j 1997 B04-0000221 Non Fiction
APEC Calumpang Library APEC Calumpang Library Filipiniana Institutional Fund F 248.4 V714j 1997 B10-0000260 Non Fiction
APEC Dasmarinas Library APEC Dasmarinas Library Filipiniana Institutional Fund F 248.4 V714j 1997 B03-0000259 Non Fiction
APEC España Library APEC España Library Filipiniana Institutional Fund F 248.4 V714j 1997 B11-0000215 Non Fiction
APEC JRU Lipa Library APEC JRU Lipa Library Filipiniana Institutional Fund F 248.4 V714j 1997 B12-0000265 Non Fiction
APEC Marikina Heights Library APEC Marikina Heights Library Filipiniana Institutional Fund F 248.4 V714j 1997 A08-0000154 Non Fiction
APEC Concepcion Dos Library APEC Marikina Heights Library Filipiniana Institutional Fund F 248.4 V714j 1997 C02-0000246 Non Fiction
APEC Muntinlupa Library APEC Muntinlupa Library Filipiniana Institutional Fund F 248.4 V714j 1997 B01-0000175 Reference
APEC New Manila Library APEC New Manila Library Filipiniana Institutional Fund F 248.4 V714j 1997 C03-0000243 Non Fiction
APEC North Fairview Library APEC North Fairview Library Filipiniana Institutional Fund F 248.4 V714j 1997 A04-0000206 Non Fiction
APEC Ortigas Extension, Cainta Library APEC Ortigas Extension, Cainta Library Filipiniana Institutional Fund F 248.4 V714j 1997 B09-0000249 Non Fiction
APEC Roxas Boulevard Library APEC Roxas Boulevard Library Filipiniana Institutional Fund F 248.4 V714j 1997 B06-0000217 Non Fiction
APEC Tondo Library APEC Tondo Library Filipiniana Institutional Fund F 248.4 V714j 1997 A10-0000173 Non Fiction
APEC V. Luna Library APEC V. Luna Library Filipiniana Institutional Fund F 248.4 V714j 1997 A01-0000144 Non Fiction

Powered by Koha